|
|
|
|
| LEADER |
00000cam a2200000 a 4500 |
| 001 |
vtls001076348 |
| 003 |
SK-MaSNL |
| 005 |
20260505071918.0 |
| 008 |
250414s1994 xo a cr 000 0 cze |
| 015 |
|
|
|a SNBA1994/05
|
| 020 |
|
|
|a 8071461296
|q (viaz.)
|
| 035 |
|
|
|a SNK000019181
|
| 035 |
|
|
|a urn:nbn:sk:snk-amli17
|
| 035 |
|
|
|a urn:nbn:sk:snk-am00bqha
|
| 035 |
|
|
|a 70152BDD-38B1-487E-A336-A1BCD4C3408E
|
| 040 |
|
|
|a SNK
|b slo
|c SNK
|e AACR2
|
| 041 |
1 |
|
|a cze
|h eng
|
| 044 |
|
|
|a xo
|c SK
|
| 072 |
|
7 |
|a 611
|x Anatómia človeka a porovnávacia anatómia
|2 konspekt
|
| 072 |
|
7 |
|a 82-93
|x Literatúra pre deti a mládež (o nej)
|2 konspekt
|
| 080 |
|
|
|a 611/612(087.5)=850
|2 1981
|
| 080 |
|
|
|a 611/612
|2 2011
|
| 080 |
|
|
|a (0.062)
|2 2011
|
| 080 |
|
|
|a 82-93-053.2/.6
|2 2011
|
| 245 |
0 |
0 |
|a Lidské tělo
|b fascinující průhled do funkcí našeho těla
|c preložil Ivo Pospíšil ; predslov Peter Abrahams
|
| 260 |
|
|
|a Bratislava
|b Slovart Junior
|c 1994
|
| 300 |
|
|
|a 16 s.
|b ilustr.
|c 28 cm
|
| 546 |
|
|
|a Preložené z anglického originálu
|
| 650 |
0 |
7 |
|a ľudské telo
|2 SNKPH
|9 66802
|
| 655 |
|
7 |
|a populárno-náučné publikácie
|2 SNKPH
|9 70460
|
| 655 |
|
7 |
|a publikácie pre deti a mládež
|2 SNKPH
|9 70541
|
| 700 |
1 |
|
|a Pospíšil, Ivo,
|d 1952-
|4 trl
|9 14288
|
| 700 |
1 |
|
|a Odam, Tim
|4 ill
|9 450014
|
| 700 |
1 |
|
|a Abrahams, Peter H.,
|d 1947-
|4 aui
|9 168026
|
| 850 |
|
|
|a Slovenská národná knižnica
|
| 852 |
|
|
|a Slovenská národná knižnica
|
| 919 |
|
|
|a 80-7146-129-6
|
| 954 |
|
|
|a iná literatúra (príručky, kuchárske knihy, hobby literatúra, sprievodcovia) cudz
|2 lita
|
| 958 |
|
|
|a OND
|
| 958 |
|
|
|a TL
|
| 958 |
|
|
|a CZ
|
| 958 |
|
|
|a OP
|
| 958 |
|
|
|a MI
|
| 968 |
|
|
|d Z angl. orig.
|
| 999 |
|
|
|c 705451
|d 707381
|
| 952 |
|
|
|a SNK
|b SNK
|y PREZ
|7 0
|p 17A0905722
|o snkSB 52985
|0 0
|1 0
|4 0
|d 2012-07-17
|f 1
|l 0
|r 2025-03-18 00:00:00
|w 2026-02-23
|
| 952 |
|
|
|t P60, <04>, [BOOK], {604}
|a SNK
|b SNK
|y VYP
|7 0
|p 17A0080544
|o snkSB 52985 D1
|0 0
|1 0
|4 0
|d 1997-07-15
|l 0
|r 2004-12-31 00:00:00
|w 2026-02-23
|